| 000 | 00389nam a22001577a 4500 | ||
|---|---|---|---|
| 003 | OSt | ||
| 008 | 210814b ||||| |||| 00| 0 eng d | ||
| 020 | _a9788190307888 | ||
| 082 |
_a303.64 _bKAA |
||
| 100 | G | _aKAPOOR, Dinesh Chander | |
| 245 | _aChinese in Two Months | ||
| 260 |
_aAmritsar _bAjanta School of Foreign Languages |
||
| 300 | _a247 | ||
| 650 | _aLanguage | ||
| 942 |
_2ddc _cBK |
||
| 999 |
_c10996 _d10996 |
||